[Event "CRO-chT4 South"]
[Site "Zadar"]
[Date "2013.05.19"]
[Round "4.3"]
[White "Kozic, Goran"]
[Black "Paleka, Danijel"]
[Result "0-1"]
[WhiteElo "1834"]
[BlackElo "1812"]
[PlyCount "148"]
[EventDate "2013.04.28"]
[EventType "team-tourn"]
[EventRounds "7"]
[EventCountry "CRO"]
[SourceTitle "EXT 2014"]
[Source "ChessBase"]
[SourceDate "2013.11.20"]
[SourceVersion "1"]
[SourceVersionDate "2013.11.20"]
[SourceQuality "1"]
[WhiteTeam "Brodarica"]
[BlackTeam "Zadar Casper"]
[WhiteTeamCountry "CRO"]
[BlackTeamCountry "CRO"]

1. e4 e6 2. d4 d5 3. exd5 exd5 4. Bd3 Bd6 5. Ne2 Ne7 6. Ng3 0-0 7. 0-0 Nd7 8. Bg5 f6 9. Be3 Re8 10. Nd2 Nf8 11. Nf3 Nfg6 12. h3 Nf4 13. Bxf4 Bxf4 14. Nh4 c6 15. Re1 Bd7 16. Qf3 Bxg3 17. Qxg3 Rf8 18. Re2 Rf7 19. Rae1 g6 20. c4 Rg7 21. Qd6 Nf5 22. Nxf5 Bxf5 23. Qxd8+ Rxd8 24. Bxf5 gxf5 25. cxd5 cxd5 26. Re6 Rc7 27. R1e2 Kf7 28. b3 Rdd7 29. Kf1 Rc1+ 30. Re1 Rc2 31. R6e2 Rdc7 32. f3 R2c3 33. Rd1 f4 34. Kf2 a5 35. g3 fxg3+ 36. Kxg3 b5 37. Kf4 a4 38. bxa4 bxa4 39. Rdd2 Rb7 40. Re3 Rc4 41. Red3 Rbb4 42. Ke3 Ke6 43. Rg2 Kf7 44. h4 Rb1 45. Rdd2 Rh1 46. Rh2 Rf1 47. Ke2 Rb1 48. Ke3 Rf1 49. Rd3 Re1+ 50. Kf4 Rb1 51. h5 Rbb4 52. Ke3 Rb1 53. f4 Re1+ 54. Kf3 Rf1+ 55. Kg3 Rg1+ 56. Kf2 Ra1 57. Rd2 Rc3 58. Rg2 Rh1 59. Rb2 Rxh5 60. Rb4 a3 61. Rb3 Rxb3 62. axb3 Rh3 63. b4 Rb3 64. Rg1 Rxb4 65. Ke3 Rb2 66. Kd3 a2 67. Ra1 h5 68. Kc3 Rh2 69. f5 h4 70. Kb4 Ke7 71. Kc5 h3 72. Kxd5 Rg2 73. Kc6 h2 74. Re1+ Kf7 0-1